Statistics for World Map 6 x 16 Puzzle by Countries in 90 seconds

Click here to take the quiz!

General Stats

  • This quiz has been taken 5,808 times
  • The average score is 72 of 96

Answer Stats

PieceType-in% Correct
2 - United States, Canada
99%
2 - United States, Canada
99%
2 - Canada, United States
99%
2 - United States, Canada
99%
2 - United States, Canada
99%
2 - United States, Mexico
98%
6 - China, Kazakhstan, Mongolia, Kyrgyzstan, India, Russia
98%
11 - Afghanistan, Kyrgyzstan, Kazakhstan, Pakistan, Tajikistan, Turkmenistan, Uzbekistan, Iran, India, China, Russia
98%
29 - Albania, Austria, Bosnia and Herzegovina, Bulgaria, Belarus, Czech Republic, Germany, Greece, Croatia, Hungary, Italy, Lithuania, Moldova, Montenegro, Macedonia, Malta, Poland, Romania, Serbia, Slovenia, Slovakia, San Marino, Turkey, Ukraine, Vatican City, Kosovo, Denmark, Russia, Cyprus
98%
10 - Belize, Cuba, Guatemala, Honduras, Mexico, Nicaragua, El Salvador, United States, Bahamas, Costa Rica
98%
16 - Antigua and Barbuda, Barbados, Bahamas, Dominica, Dominican Republic, Grenada, Haiti, Jamaica, Saint Kitts and Nevis, Saint Lucia, Saint Vincent and the Grenadines, Cuba, Colombia, Venezuela, United States, France
98%
5 - Japan, North Korea, South Korea, Russia, China
97%
3 - China, Mongolia, Russia
97%
18 - Andorra, Belgium, Switzerland, Algeria, Spain, France, United Kingdom, Ireland, Liechtenstein, Luxembourg, Morocco, Monaco, Netherlands, Portugal, Tunisia, Italy, Germany, Denmark
97%
8 - Bangladesh, Bhutan, Burma, Nepal, Thailand, India, China, Laos
97%
9 - Denmark, Estonia, Finland, Latvia, Norway, Sweden, Russia, Lithuania, Belarus
97%
7 - Bolivia, Chile, Peru, Paraguay, Argentina, Brazil, Uruguay
96%
13 - Armenia, Azerbaijan, Cyprus, Georgia, Iraq, Iran, Lebanon, Syria, Russia, Ukraine, Turkey, Kazakhstan, Turkmenistan
96%
1 - Russia
95%
2 - Canada, Denmark
95%
3 - Suriname, France, Brazil
95%
9 - Colombia, Ecuador, Guyana, Trinidad and Tobago, Venezuela, Panama, Peru, Brazil, Suriname
95%
1 - Russia
95%
1 - Russia
95%
1 - Russia
95%
1 - Russia
95%
1 - Russia
95%
1 - Russia
95%
1 - Russia
95%
4 - Brazil, Paraguay, Argentina, Uruguay
95%
5 - Sri Lanka, India, Indonesia, Thailand, Malaysia
94%
7 - Palau, East Timor, Indonesia, Federated States of Micronesia, Papua New Guinea, Philippines, Australia
94%
1 - United States
94%
1 - United States
94%
1 - United States
94%
11 - Botswana, Lesotho, Mozambique, Namibia, Swaziland, South Africa, Zambia, Zimbabwe, Angola, Malawi, Democratic Republic of the Congo
93%
1 - Canada
93%
1 - Canada
93%
1 - Canada
93%
4 - Australia, Solomon Islands, Vanuatu, France
93%
6 - India, Oman, Iran, United Arab Emirates, Afghanistan, Pakistan
93%
7 - Cambodia, Laos, Philippines, Taiwan, Vietnam, China, Thailand
93%
4 - Argentina, Chile, Uruguay, United Kingdom
92%
1 - Australia
92%
1 - Australia
92%
1 - Australia
92%
1 - Australia
92%
2 - Australia, New Zealand
92%
3 - Maldives, Seychelles, India
91%
16 - Angola, Burundi, Democratic Republic of the Congo, Central African Republic, Republic of the Congo, Cameroon, Rwanda, South Sudan, Uganda, Nigeria, Chad, Sudan, Tanzania, Zambia, Gabon, Equatorial Guinea
91%
3 - United Kingdom, Norway, Denmark
90%
14 - Burkina Faso, Mali, Niger, Morocco, Algeria, Tunisia, Libya, Mauritania, Benin, Togo, Ghana, Nigeria, Senegal, Guinea
90%
7 - Egypt, Libya, Sudan, Chad, Tunisia, Cameroon, Niger
89%
17 - United Arab Emirates, Bahrain, Djibouti, Eritrea, Jordan, Kuwait, Qatar, Saudi Arabia, Yemen, Israel, Egypt, Sudan, Ethiopia, Oman, Iran, Iraq, Syria
87%
6 - Brunei, Indonesia, Malaysia, Singapore, Vietnam, Philippines
79%
9 - Ethiopia, Kenya, Seychelles, Somalia, Tanzania, Uganda, South Sudan, Sudan, Comoros
77%
8 - Cape Verde, Gambia, Guinea-Bissau, Mauritania, Senegal, Morocco, Guinea, Mali
77%
3 - Japan, Philippines, Federated States of Micronesia
77%
2 - Iceland, Denmark
76%
13 - Benin, Côte d'Ivoire, Gabon, Ghana, Equatorial Guinea, Liberia, Nigeria, São Tomé and Príncipe, Togo, Guinea, Sierra Leone, Burkina Faso, Cameroon
76%
4 - Costa Rica, Panama, Ecuador, Peru
74%
1 - South Africa
70%
4 - Comoros, Madagascar, Malawi, Mozambique
67%
1 - Denmark
66%
5 - Federated States of Micronesia, Papua New Guinea, Solomon Islands, Nauru, Marshall Islands
57%
4 - Kiribati, Marshall Islands, Tuvalu, Nauru
57%
1 - New Zealand
50%
PACIFIC
47%
PACIFIC
47%
ATLANTIC
47%
PACIFIC
47%
PACIFIC
47%
ATLANTIC
47%
ATLANTIC
47%
ATLANTIC
47%
PACIFIC
47%
PACIFIC
47%
PACIFIC
47%
PACIFIC
47%
1 - Kiribati
47%
1 - Kiribati
47%
PACIFIC
47%
PACIFIC
47%
PACIFIC
47%
ATLANTIC
47%
ATLANTIC
47%
4 - Fiji, Vanuatu, Samoa, Tonga
45%
2 - Federated States of Micronesia, Marshall Islands
42%
1 - Uruguay
38%
2 - Guinea, Sierra Leone
35%
INDIAN
33%
INDIAN
33%
INDIAN
33%
INDIAN
33%
1 - Marshall Islands
22%
1 - Mauritius
20%

Score Distribution

Percentile by Number Answered

Percent of People with Each Score

Your Score History

You have not taken this quiz